| 000 | 00488nam a2200181Ia 4500 | ||
|---|---|---|---|
| 008 | 240925s9999 xx 000 0 und d | ||
| 020 | _a9789352533794 | ||
| 082 | _a658.5 TEL | ||
| 100 | _aTelsang, Martand T | ||
| 245 | 0 | _aIndustrial engineering and production management | |
| 250 | _a3rd | ||
| 260 |
_aNew Delhi: _bS. Chand & Company LTD _c,2018. |
||
| 300 |
_axxi, 1012p. _b0 _fOriginal |
||
| 500 | _aIncludes Index | ||
| 600 | _aManagement | ||
| 650 | _aManagement | ||
| 942 | _cBK | ||
| 999 |
_c17537 _d17537 |
||